Handbook of chemical technology and pollution control / (Record no. 342282)
[ view plain ]
| 000 -LEADER | |
|---|---|
| fixed length control field | 01538cam a2200361 a 4500 |
| 001 - CONTROL NUMBER | |
| control field | 3546859 |
| 003 - CONTROL NUMBER IDENTIFIER | |
| control field | NUST |
| 005 - DATE AND TIME OF LATEST TRANSACTION | |
| control field | 20171215111806.0 |
| 008 - FIXED-LENGTH DATA ELEMENTS--GENERAL INFORMATION | |
| fixed length control field | 971027s1998 caua b 001 0 eng |
| 010 ## - LIBRARY OF CONGRESS CONTROL NUMBER | |
| LC control number | 97080796 |
| 020 ## - INTERNATIONAL STANDARD BOOK NUMBER | |
| International Standard Book Number | 012350810X (acidfree paper) |
| 040 ## - CATALOGING SOURCE | |
| Original cataloging agency | DLC |
| Transcribing agency | DLC |
| Modifying agency | DLC |
| 050 00 - LIBRARY OF CONGRESS CALL NUMBER | |
| Classification number | TP155 |
| Item number | .H58 1998 |
| 082 00 - DEWEY DECIMAL CLASSIFICATION NUMBER | |
| Classification number | 660.0286 HOC |
| Edition number | 21 |
| 100 1# - MAIN ENTRY--PERSONAL NAME | |
| Personal name | Hocking, Martin. B. |
| Fuller form of name | (Martin Blake), |
| Dates associated with a name | 1938- |
| 9 (RLIN) | 7341 |
| 245 10 - TITLE STATEMENT | |
| Title | Handbook of chemical technology and pollution control / |
| Statement of responsibility, etc. | Martin B. Hocking. |
| 246 30 - VARYING FORM OF TITLE | |
| Title proper/short title | Chemical technology and pollution control |
| 260 ## - PUBLICATION, DISTRIBUTION, ETC. | |
| Place of publication, distribution, etc. | San Diego : |
| Name of publisher, distributor, etc. | Academic Press, |
| Date of publication, distribution, etc. | c1998. |
| 300 ## - PHYSICAL DESCRIPTION | |
| Extent | xxiv, 777 p. : |
| Other physical details | ill. ; |
| Dimensions | 26 cm. |
| 500 ## - GENERAL NOTE | |
| General note | Rev. ed. of: Modern chemical technology and emission control. Berlin ; New York : Springer-Verlag, c1985. |
| 501 ## - WITH NOTE | |
| With note | H.B |
| 504 ## - BIBLIOGRAPHY, ETC. NOTE | |
| Bibliography, etc. note | Includes bibliographical references.and index. |
| 650 #0 - SUBJECT ADDED ENTRY--TOPICAL TERM | |
| Topical term or geographic name entry element | Chemistry, Technical. |
| 9 (RLIN) | 7342 |
| 650 #0 - SUBJECT ADDED ENTRY--TOPICAL TERM | |
| Topical term or geographic name entry element | Environmental chemistry. |
| 9 (RLIN) | 441 |
| 700 1# - ADDED ENTRY--PERSONAL NAME | |
| Personal name | Hocking, M. B. |
| Fuller form of name | (Martin Blake), |
| Dates associated with a name | 1938- |
| Title of a work | Modern chemical technology and emission control. |
| 9 (RLIN) | 7343 |
| 856 42 - ELECTRONIC LOCATION AND ACCESS | |
| Materials specified | Publisher description |
| Uniform Resource Identifier | <a href="http://www.loc.gov/catdir/description/els032/97080796.html">http://www.loc.gov/catdir/description/els032/97080796.html</a> |
| 856 41 - ELECTRONIC LOCATION AND ACCESS | |
| Materials specified | Table of contents |
| Uniform Resource Identifier | <a href="http://www.loc.gov/catdir/toc/els032/97080796.html">http://www.loc.gov/catdir/toc/els032/97080796.html</a> |
| 906 ## - LOCAL DATA ELEMENT F, LDF (RLIN) | |
| a | 7 |
| b | cbc |
| c | orignew |
| d | 2 |
| e | opcn |
| f | 19 |
| g | y-gencatlg |
| 942 ## - ADDED ENTRY ELEMENTS (KOHA) | |
| Source of classification or shelving scheme | |
| Koha item type | Book |
| Call number prefix | IESE |
| Withdrawn status | Lost status | Source of classification or shelving scheme | Damaged status | Not for loan | Collection code | Permanent Location | Current Location | Shelving location | Date acquired | Total Checkouts | Full call number | Barcode | Date last seen | Price effective from | Koha item type |
|---|---|---|---|---|---|---|---|---|---|---|---|---|---|---|---|
| Institute of Environmental Science and Engineering (IESE) | Institute of Environmental Science and Engineering (IESE) | General Stacks | 12/15/2017 | 660.0286 HOC | IESE-881 | 12/15/2017 | 12/15/2017 | Book |
